[Event "DRAGON 3OOO"]
[Site "SchemingMind.com"]
[Date "2013.01.25"]
[Round "-"]
[White "Scooter"]
[Black "agarr"]
[Result "1-0"]
[WhiteCountry "USA"]
[BlackCountry "RUS"]
[WhiteElo "1774"]
[WhiteRD "54"]
[BlackElo "1721"]
[BlackRD "79"]
[GameID "325810"]

1. d4 d5 2. Nf3 Bf5 3. e3 e6 4. Bd3 Bxd3 5. Qxd3 c6 6. O-O Nf6 7. Nbd2 Bd6 8. c4 dxc4 9. Nxc4 O-O 10. Nxd6 Qxd6
11. a3 e5 12. Nxe5 c5 13. Nf3 Nc6 14. Rd1 Rad8 15. Qb5 b6 16. b4 Ne5 17. Nxe5 Qxe5 18. Bb2 Qh5 19. f3 Nd5 20. dxc5 Nxe3
21. Rxd8 Rxd8 22. Qe2 Re8 23. Bd4 Qg5 24. Re1
1-0

[Event "DRAGON 3OOO"]
[Site "SchemingMind.com"]
[Date "2013.01.25"]
[Round "-"]
[White "kenneth m day"]
[Black "agarr"]
[Result "0-1"]
[WhiteCountry "USA"]
[BlackCountry "RUS"]
[WhiteElo "1770"]
[WhiteRD "51"]
[BlackElo "1755"]
[BlackRD "69"]
[GameID "325811"]

1. e4 e5 2. Nf3 Nc6 3. c3 Bc5 4. d4 exd4 5. cxd4 Bb4+ 6. Bd2 Bxd2+ 7. Nbxd2 d6 8. Bc4 Bg4 9. Qb3 Nh6 10. h3 Bc8
11. O-O-O Na5 12. Qa4+ c6 13. Bd3 b5 14. Qc2 O-O 15. g4 f6 16. Nb3 Nxb3+ 17. Qxb3+ Kh8 18. Kb1 a6 19. Qc2 Nf7 20. Rdg1 c5
21. dxc5 dxc5 22. e5 Nxe5 23. Nxe5 fxe5 24. Bxh7 Bb7 25. Qg6 Rf6 26. Qh5 Rh6 27. Qxe5 Rxh7 28. Rh2 Qb8 29. f4 Qxe5 30. fxe5 Bf3
31. Rg3 Be4+ 32. Kc1 c4 33. Re3 Bd3 34. e6 Re8 35. e7 g6 36. Re6 Rhxe7 37. Rxa6 Re1+ 38. Kd2 R1e2+ 39. Rxe2 Rxe2+ 40. Kc3 Rc2+
0-1

[Event "DRAGON 3OOO"]
[Site "SchemingMind.com"]
[Date "2013.01.29"]
[Round "-"]
[White "SAMAEL"]
[Black "agarr"]
[Result "0-1"]
[WhiteCountry "CAN"]
[BlackCountry "RUS"]
[WhiteElo "1713"]
[WhiteRD "45"]
[BlackElo "1755"]
[BlackRD "69"]
[GameID "325812"]

1. e4 e5 2. Nf3 Nc6 3. Nc3 Bc5 4. d3 d6 5. h3 h6 6. Be2 Nf6 7. O-O O-O 8. Nh2 Nd4 9. Kh1 Nh7 10. Na4 Nxe2
11. Qxe2 f5 12. Nxc5 dxc5 13. exf5 Rxf5 14. f3 Ng5 15. Bxg5 Qxg5 16. Rae1 Bd7 17. Qe4 Bc6 18. Qg4 h5 19. Qxg5 Rxg5 20. Rf2 Rf8
21. Re3 Bd5 22. Rfe2 c4 23. Rxe5 cxd3 24. cxd3 Rxe5 25. Rxe5 Bxa2 26. Rxh5 Bb1 27. d4 Rd8 28. Rh4 c5 29. Nf1 cxd4 30. Nd2 Ba2
31. Rh5 b6 32. b3 Re8 33. Rh4 Rd8 34. Re4 a5 35. Re6 b5 36. Ra6 Rc8 37. Rd6 Rc3 38. Rxd4 Bxb3 39. Nxb3 Rxb3
0-1

[Event "DRAGON 3OOO"]
[Site "SchemingMind.com"]
[Date "2013.01.31"]
[Round "-"]
[White "Greg Magne"]
[Black "agarr"]
[Result "1/2-1/2"]
[WhiteCountry "CAN"]
[BlackCountry "RUS"]
[WhiteElo "1878"]
[WhiteRD "75"]
[BlackElo "1721"]
[BlackRD "79"]
[GameID "326221"]

1. e4 e5 2. Nc3 Bc5 3. f4 d6 4. Nf3 Bg4 5. Bc4 Nc6 6. Nd5 Nf6 7. h3 Bxf3 8. Qxf3 Nd4 9. Qd3 a6 10. fxe5 dxe5
11. c3 Ne6 12. b4 Ba7 13. Ba3 b5 14. Nxf6+ Qxf6 15. Bd5 Qf2+ 16. Kd1 Rd8 17. Qf3 Qxf3+ 18. gxf3 Nf4 19. c4 O-O 20. Kc2 Nxd5
21. cxd5 Rd6 22. Bb2 Rfd8 23. Bxe5 R6d7 24. Rh2 c6 25. Rg2 g6 26. dxc6 Rc8 27. c7 Bd4 28. Bxd4 Rxd4 29. Rb1 Rxc7+ 30. Kd1 Rcc4
31. Rc1 Rxb4 32. Rc2 Rb1+ 33. Ke2 Ra4 34. Ke3 Ra1 35. d4 Re1+ 36. Rge2 Rf1 37. Rf2 Re1+ 38. Rfe2=
1/2-1/2

[Event "DRAGON 3OOO"]
[Site "SchemingMind.com"]
[Date "2013.01.31"]
[Round "-"]
[White "Greg Magne"]
[Black "David Hartley"]
[Result "1-0"]
[WhiteCountry "CAN"]
[BlackCountry "ENG"]
[WhiteElo "1878"]
[WhiteRD "75"]
[BlackElo "1792"]
[BlackRD "64"]
[GameID "326222"]

1. d4 d5 2. c4 Bf5 3. Nc3 e6 4. Nf3 c6 5. e3 h6 6. Bd3 Bxd3 7. Qxd3 Nf6 8. O-O b6 9. b3 c5 10. Ne5 Be7
11. f4 Na6 12. f5 Nb8 13. fxe6 Qc8 14. exf7+ Kf8 15. Ng6+ Kxf7 16. Nxh8+ Qxh8 17. Nxd5 Nd7 18. e4 cxd4 19. Nxe7 Kxe7 20. Qxd4 Rc8
21. e5 Ne8 22. Ba3+
1-0

[Event "DRAGON 3OOO"]
[Site "SchemingMind.com"]
[Date "2013.02.01"]
[Round "-"]
[White "Greg Magne"]
[Black "emvarela"]
[Result "1-0"]
[WhiteCountry "CAN"]
[BlackCountry "ARG"]
[WhiteElo "1894"]
[WhiteRD "67"]
[BlackElo "1738"]
[BlackRD "51"]
[GameID "326223"]

1. e4 e5 2. Nf3 Nc6 3. Bb5 a6 4. Ba4 Nf6 5. O-O Be7 6. Re1 b5 7. Bb3 O-O 8. c3 d5 9. exd5 Nxd5 10. Nxe5 Nxe5
11. Rxe5 c6 12. d4 Bd6 13. Re2 Be6 14. Nd2 Nf4 15. Re3 Bxb3 16. axb3 Re8 17. Nf1 Rxe3 18. Bxe3 Qf6 19. g3 Nh3+ 20. Kg2 Ng5
21. Qg4 Ne6 22. Qf3 Qxf3+ 23. Kxf3 f6 24. h4 c5 25. d5 Nc7 26. c4 b4 27. Bf4 Rd8 28. Nd2 Bxf4 29. Kxf4 Re8 30. Ne4 h6
31. Nxc5 Re2 32. Kf3 Rxb2 33. Ra4
1-0

[Event "DRAGON 3OOO"]
[Site "SchemingMind.com"]
[Date "2013.01.31"]
[Round "-"]
[White "Greg Magne"]
[Black "Scooter"]
[Result "1-0"]
[WhiteCountry "CAN"]
[BlackCountry "USA"]
[WhiteElo "1878"]
[WhiteRD "75"]
[BlackElo "1774"]
[BlackRD "54"]
[GameID "326224"]

1. d4 Nf6 2. c4 g6 3. Nc3 Bg7 4. e4 d6 5. Be3 O-O 6. f3 e5 7. d5 b6 8. Bd3 Nbd7 9. b4 Bb7 10. Nge2 a6
11. O-O c5 12. a3 Re8 13. Qd2 Qc7 14. Rfb1 Rac8 15. bxc5 Nxc5 16. Bc2 Ba8 17. Rb2 Nfd7 18. Rab1 Rb8 19. a4 Rf8 20. a5 bxa5
21. Na4 Rxb2 22. Rxb2 Rb8 23. Rxb8+ Nxb8 24. Nxc5 dxc5 25. Ba4 Qb6 26. Nc1 Qb4 27. Qxb4 cxb4 28. Nb3 Bb7 29. Nxa5 Bc8 30. c5 Nd7
31. c6
1-0

[Event "DRAGON 3OOO"]
[Site "SchemingMind.com"]
[Date "2013.01.31"]
[Round "-"]
[White "Greg Magne"]
[Black "kenneth m day"]
[Result "1/2-1/2"]
[WhiteCountry "CAN"]
[BlackCountry "USA"]
[WhiteElo "1896"]
[WhiteRD "66"]
[BlackElo "1770"]
[BlackRD "51"]
[GameID "326225"]

1. e4 g6 2. d4 Bg7 3. c4 d6 4. Nc3 e5 5. Be3 exd4 6. Bxd4 Nf6 7. Nf3 Nbd7 8. Be2 O-O 9. O-O Re8 10. Qc2 b6
11. b4 Bb7 12. Bd3 Rc8 13. Rfe1 c5 14. bxc5 dxc5 15. Bxf6 Qxf6 16. Nd5 Qd6 17. Rad1 Ne5 18. Nxe5 Bxe5 19. g3 Re6 20. Kg2 Bd4
21. Re2 Re5 22. h4 Rh5 23. Rde1 Qe6 24. Nf4 Qg4 25. Nxh5 Qxh5 26. Kh2 Re8 27. Qa4 Ra8 28. Qd7 Bc8 29. Qd8+ Kg7 30. Qg5 Qf3
31. e5 Qxd3 32. Qf6+ Kg8 33. Qd8+=
1/2-1/2

[Event "DRAGON 3OOO"]
[Site "SchemingMind.com"]
[Date "2013.02.05"]
[Round "-"]
[White "Greg Magne"]
[Black "SAMAEL"]
[Result "1-0"]
[WhiteCountry "CAN"]
[BlackCountry "CAN"]
[WhiteElo "1896"]
[WhiteRD "66"]
[BlackElo "1713"]
[BlackRD "45"]
[GameID "326226"]

1. e4 e5 2. Nf3 Nc6 3. Bb5 d6 4. O-O Nf6 5. d4 exd4 6. e5 Nd7 7. exd6 Bxd6 8. Re1+ Ne7 9. Qxd4 O-O 10. Bg5 f6
11. Bh4 Kh8 12. Nc3 Bc5 13. Qe4 c6 14. Bc4 Nb6 15. Rad1 Qe8 16. Bd3 Bf5 17. Qxf5 Nxf5 18. Rxe8 Rfxe8 19. Bxf5 Rad8 20. Rxd8 Rxd8
21. g4 Nc4 22. b3 Nd6 23. Bd3 Re8 24. Bg3 Nf7 25. Ne4 Bf8 26. h4 h6 27. Bc4 Rxe4 28. Bxf7 Rxg4 29. Kf1 g5 30. h5 Re4
31. Bg6 Rb4 32. c3 Rb6 33. Bc7 Rb5 34. c4 Rc5 35. Nd4 b5 36. Ne6
1-0

[Event "DRAGON 3OOO"]
[Site "SchemingMind.com"]
[Date "2013.01.31"]
[Round "-"]
[White "agarr"]
[Black "Greg Magne"]
[Result "0-1"]
[WhiteCountry "RUS"]
[BlackCountry "CAN"]
[WhiteElo "1721"]
[WhiteRD "79"]
[BlackElo "1878"]
[BlackRD "75"]
[GameID "326227"]

1. e4 c5 2. Nf3 d6 3. Nc3 Nc6 4. Bb5 Bd7 5. O-O Nf6 6. Bxc6 Bxc6 7. d3 e6 8. b3 Be7 9. Bb2 O-O 10. e5 Nd7
11. exd6 Bxd6 12. Ne4 Be7 13. Ne5 Nxe5 14. Bxe5 Qd5 15. f4 f6 16. c4 Qd7 17. Bc3 Rad8 18. Nf2 Bd6 19. Qg4 Kh8 20. Rad1 Qc7
21. Ne4 f5
0-1

[Event "DRAGON 3OOO"]
[Site "SchemingMind.com"]
[Date "2013.01.31"]
[Round "-"]
[White "David Hartley"]
[Black "Greg Magne"]
[Result "1/2-1/2"]
[WhiteCountry "ENG"]
[BlackCountry "CAN"]
[WhiteElo "1795"]
[WhiteRD "63"]
[BlackElo "1896"]
[BlackRD "66"]
[GameID "326228"]

1. e4 e5 2. Nf3 Nc6 3. Bb5 a6 4. Ba4 Nf6 5. d3 b5 6. Bb3 Bc5 7. O-O h6 8. Nc3 O-O 9. h3 Bb7 10. Nd5 Na5
11. Nxf6+ Qxf6 12. Qe2 Nxb3 13. axb3 Rfe8 14. Be3 Bxe3 15. Qxe3 d6 16. c4 Qg6 17. Nd2 f5 18. f3 fxe4 19. dxe4 Rf8 20. g4 h5
21. Rf2 hxg4 22. hxg4 bxc4 23. bxc4 Bc8 24. Rg2 Be6 25. Rf1 Rfb8 26. b3 a5 27. Ra1 Rb4 28. Qc3 c5 29. Qc2 Bd7 30. Kf2 a4
31. bxa4 Rbxa4 32. Rxa4 Rxa4 33. Qd1 Qg5 34. Qe2 Qh4+ 35. Kg1 Ra1+ 36. Nf1 Ba4 37. Qd2 Rd1 38. Qa5 Qe1 39. Qd8+ Kf7 40. Qc7+ Kf8
41. Qc8+ Ke7 42. Rf2 Bc2 43. Qc7+ Kf8 44. Qd8+ Kf7 45. Qd7+ Kf8 46. Qd8+ Kf7 47. Qd7+ Kf8 48. Qd8+
1/2-1/2

[Event "DRAGON 3OOO"]
[Site "SchemingMind.com"]
[Date "2013.02.01"]
[Round "-"]
[White "emvarela"]
[Black "Greg Magne"]
[Result "1/2-1/2"]
[WhiteCountry "ARG"]
[BlackCountry "CAN"]
[WhiteElo "1759"]
[WhiteRD "49"]
[BlackElo "1896"]
[BlackRD "66"]
[GameID "326229"]

1. e4 Nf6 2. e5 Nd5 3. d4 d6 4. Nc3 e6 5. Nf3 Be7 6. Bc4 Nxc3 7. bxc3 b6 8. exd6 cxd6 9. O-O Bb7 10. Qd3 Nd7
11. Be3 O-O 12. Bb5 a6 13. Bxd7 Qxd7 14. Rab1 Qc6 15. d5 Qxd5 16. Rxb6 Qxd3 17. cxd3 Bxf3 18. gxf3 Rfb8=
1/2-1/2

[Event "DRAGON 3OOO"]
[Site "SchemingMind.com"]
[Date "2013.01.31"]
[Round "-"]
[White "Scooter"]
[Black "Greg Magne"]
[Result "1/2-1/2"]
[WhiteCountry "USA"]
[BlackCountry "CAN"]
[WhiteElo "1774"]
[WhiteRD "54"]
[BlackElo "1878"]
[BlackRD "75"]
[GameID "326230"]

1. d4 d5 2. Nf3 Nf6 3. Bf4 e6 4. e3 Bd7 5. Be2 c5 6. c3 Nc6 7. O-O Be7 8. Nbd2 O-O 9. Ne5 Nxe5 10. Bxe5 Bc6
11. Bxf6 Bxf6 12. Bf3 e5 13. dxc5 Qe7 14. Nb3 Rfd8 15. Qc2 a5 16. a4 e4 17. Be2 Be5 18. Bb5 Qh4 19. g3 Qh3 20. Bxc6 bxc6
21. Nd4 Rdc8 22. b4 h5 23. b5 cxb5 24. axb5 Rxc5 25. b6 Rb8 26. Rfb1 h4 27. b7 hxg3 28. fxg3 Qd7 29. Qa4 Rxb7 30. Qxd7 Rxd7
31. Ra3 g6 32. Rb5 Rdc7 33. Rbxa5 Kg7=
1/2-1/2

[Event "DRAGON 3OOO"]
[Site "SchemingMind.com"]
[Date "2013.01.31"]
[Round "-"]
[White "kenneth m day"]
[Black "Greg Magne"]
[Result "0-1"]
[WhiteCountry "USA"]
[BlackCountry "CAN"]
[WhiteElo "1770"]
[WhiteRD "51"]
[BlackElo "1896"]
[BlackRD "66"]
[GameID "326231"]

1. e4 Nf6 2. e5 Nd5 3. d4 d6 4. c4 Nb6 5. exd6 cxd6 6. Nc3 g6 7. Be3 Bg7 8. Rc1 Nc6 9. b3 O-O 10. d5 Ne5
11. Be2 Bf5 12. f4 Ned7 13. Bd4 Nf6 14. h3 e5 15. dxe6 Ne4 16. exf7+ Rxf7 17. Nxe4 Bxe4 18. Bf3 Qh4+ 19. Bf2 Qxf4 20. Ne2 Bxf3
21. gxf3 Qxf3 22. Rf1 Re8 23. Rc2 Qxh3 24. Qxd6 Bc3+ 25. Rxc3 Qxc3+ 26. Qd2 Qf3
0-1

[Event "DRAGON 3OOO"]
[Site "SchemingMind.com"]
[Date "2013.02.05"]
[Round "-"]
[White "SAMAEL"]
[Black "Greg Magne"]
[Result "0-1"]
[WhiteCountry "CAN"]
[BlackCountry "CAN"]
[WhiteElo "1713"]
[WhiteRD "45"]
[BlackElo "1896"]
[BlackRD "66"]
[GameID "326232"]

1. Nf3 d5 2. d4 Nf6 3. Nc3 e6 4. e3 c5 5. Be2 Nc6 6. Bd2 Bd7 7. O-O Bd6 8. Re1 a6 9. a3 O-O 10. h3 cxd4
11. exd4 Re8 12. Be3 Qa5 13. Na2 e5 14. dxe5 Nxe5 15. Bd4 Ne4 16. c3 Re6 17. Nxe5 Bxe5 18. Bxe5 Rxe5 19. Qd4 Rae8 20. Bf3 Bc6
21. Bxe4 Rxe4 22. Rxe4 Rxe4 23. Qd2 Qb5 24. Nb4 Re2 25. Qf4 h6 26. Nxc6 Qxb2 27. Qb8+ Kh7 28. Rf1 bxc6 29. Qxb2 Rxb2 30. Re1 Rb3
31. Re7 Kg6 32. Rc7 Rxc3
0-1

[Event "DRAGON 3OOO"]
[Site "SchemingMind.com"]
[Date "2013.02.19"]
[Round "-"]
[White "e_castle3"]
[Black "Greg Magne"]
[Result "0-1"]
[WhiteCountry "PHI"]
[BlackCountry "CAN"]
[WhiteElo "1709"]
[WhiteRD "65"]
[BlackElo "1894"]
[BlackRD "67"]
[GameID "327256"]

1. e4 c5 2. Nf3 d6 3. Bc4 e6 4. O-O Bd7 5. Re1 b5 6. Bf1 Bc6 7. c3 Nd7 8. d4 Ngf6 9. Bg5 Be7 10. Bxf6 Nxf6
11. Nbd2 O-O 12. c4 bxc4 13. Nxc4 Nxe4 14. dxc5 Nxc5 15. Nd4 Bb7 16. b4 Ne4 17. Qd3 d5 18. Ne5 Bxb4 19. Red1 a5 20. Qb3 Qd6
21. Nef3 Ba6 22. a3 Bc5 23. Nb5 Bxb5 24. Bxb5 Nxf2 25. Kf1 Nxd1 26. Rxd1 Bxa3
0-1

[Event "DRAGON 3OOO"]
[Site "SchemingMind.com"]
[Date "2013.02.19"]
[Round "-"]
[White "e_castle3"]
[Black "agarr"]
[Result "0-1"]
[WhiteCountry "PHI"]
[BlackCountry "RUS"]
[WhiteElo "1709"]
[WhiteRD "65"]
[BlackElo "1767"]
[BlackRD "75"]
[GameID "327257"]

1. e4 e5 2. Nf3 Nc6 3. Bb5 Nd4 4. Nxd4 exd4 5. d3 Bb4+ 6. Bd2 Bxd2+ 7. Nxd2 a6 8. Ba4 b5 9. Bb3 Bb7 10. Qf3 Qf6
11. O-O-O Qxf3 12. Nxf3 Nf6 13. Nxd4 O-O 14. f3 Rae8 15. h4 g6 16. g4 c5 17. Ne2 d5 18. g5 c4 19. dxc4 dxc4 20. gxf6 cxb3
21. axb3 Re6 22. Rd7 Bc8 23. Rd3 Rxf6 24. h5 Rc6 25. hxg6 fxg6 26. Rhd1 Rcf6 27. Ng1 g5 28. e5 Rf5 29. Rd8 Rxe5 30. Rxf8+ Kxf8
31. Rd8+ Re8 32. Rxe8+ Kxe8 33. Kd2 h5 34. b4 h4 35. Ke3 h3
0-1

[Event "DRAGON 3OOO"]
[Site "SchemingMind.com"]
[Date "2013.02.19"]
[Round "-"]
[White "e_castle3"]
[Black "David Hartley"]
[Result "1-0"]
[WhiteCountry "PHI"]
[BlackCountry "ENG"]
[WhiteElo "1762"]
[WhiteRD "68"]
[BlackElo "1798"]
[BlackRD "66"]
[GameID "327258"]

1. e4 e5 2. Nf3 Nc6 3. Bb5 a6 4. Ba4 Nf6 5. d3 b5 6. Bb3 Be7 7. O-O O-O 8. c3 d6 9. Re1 Na5 10. Bc2 c5
11. d4 exd4 12. cxd4 cxd4 13. Nxd4 Bd7 14. b3 Nb7 15. Bb2 Nc5 16. Nd2 Qb6 17. Nf1 Rfe8 18. h3 Bd8 19. Qf3 Bc6 20. Ng3 Bc7
21. Nxc6 Qxc6 22. Bxf6 gxf6 23. Qxf6 Re5 24. Nf5 Rxf5 25. Qxf5
1-0

[Event "DRAGON 3OOO"]
[Site "SchemingMind.com"]
[Date "2013.02.23"]
[Round "-"]
[White "e_castle3"]
[Black "emvarela"]
[Result "0-1"]
[WhiteCountry "PHI"]
[BlackCountry "ARG"]
[WhiteElo "1706"]
[WhiteRD "59"]
[BlackElo "1765"]
[BlackRD "48"]
[GameID "327259"]

1. e4 e5 2. Nf3 Nc6 3. Bb5 a6 4. Ba4 f5 5. Bxc6 bxc6 6. Nxe5 Nf6 7. O-O Bd6 8. Nc4 Nxe4 9. Nxd6+ cxd6 10. d3 Nf6
11. Re1+ Kf7 12. Bf4 d5 13. Nd2 Re8 14. Rxe8 Qxe8 15. h3 c5 16. Bd6 c4 17. dxc4 dxc4 18. Nxc4 Qe4 19. b3 Bb7 20. f3 Qe6
21. Ba3 Bc6 22. Qd2 Bb5
0-1

[Event "DRAGON 3OOO"]
[Site "SchemingMind.com"]
[Date "2013.02.19"]
[Round "-"]
[White "e_castle3"]
[Black "Scooter"]
[Result "1-0"]
[WhiteCountry "PHI"]
[BlackCountry "USA"]
[WhiteElo "1709"]
[WhiteRD "65"]
[BlackElo "1732"]
[BlackRD "48"]
[GameID "327260"]

1. e4 c6 2. Nf3 d5 3. exd5 cxd5 4. d4 Nf6 5. Bb5+ Bd7 6. Bxd7+ Nbxd7 7. O-O e6 8. Bg5 Be7 9. Nc3 a6 10. Re1 O-O
11. a3 Qc7 12. Nd2 h6 13. Bh4 b5 14. Nf1 Rfe8 15. Ne3 Rab8 16. Bg3 Bd6 17. Qd3 Bxg3 18. hxg3 Qb6 19. f4 Rbc8 20. Rad1 Rc7
21. g4 b4 22. Ne2 Ne4 23. f5 exf5 24. gxf5 bxa3 25. Qxa3 Qf6 26. Nxd5 Qh4 27. Nxc7 Qf2+ 28. Kh2 Rc8 29. Qd3 Qh4+ 30. Qh3 Qxh3+
31. gxh3 Rxc7 32. c3 Ndf6 33. Ng3 Nf2 34. Rd2
1-0

[Event "DRAGON 3OOO"]
[Site "SchemingMind.com"]
[Date "2013.02.19"]
[Round "-"]
[White "e_castle3"]
[Black "kenneth m day"]
[Result "0-1"]
[WhiteCountry "PHI"]
[BlackCountry "USA"]
[WhiteElo "1706"]
[WhiteRD "59"]
[BlackElo "1791"]
[BlackRD "48"]
[GameID "327261"]

1. e4 g6 2. d4 Bg7 3. Nf3 d6 4. Bg5 Nd7 5. Bb5 a6 6. Ba4 b5 7. Bb3 Bb7 8. Nbd2 Ngf6 9. Bxf6 Nxf6 10. Qe2 O-O
11. O-O e5 12. c3 Qd7 13. dxe5 dxe5 14. Rad1 Rad8 15. Bc2 Qg4 16. h3 Qc8 17. Nb3 c5 18. Nc1 Rfe8 19. Rxd8 Qxd8 20. Rd1 Qc7
21. c4 Nh5 22. cxb5 Nf4 23. Qc4 axb5 24. Qxb5 Rb8 25. Qc4 Ra8 26. Bb3 Ba6 27. Qa4 Bb7 28. Qc4 Ba6 29. Qc2 c4 30. Ba4 Qc5
31. Kh2 Bb7 32. g3 Ne6 33. Bb3 Rc8
0-1

[Event "DRAGON 3OOO"]
[Site "SchemingMind.com"]
[Date "2013.02.23"]
[Round "-"]
[White "e_castle3"]
[Black "SAMAEL"]
[Result "0-1"]
[WhiteCountry "PHI"]
[BlackCountry "CAN"]
[WhiteElo "1706"]
[WhiteRD "59"]
[BlackElo "1744"]
[BlackRD "58"]
[GameID "327262"]

1. e4 e5 2. Nf3 Nc6 3. Bb5 d6 4. O-O Nf6 5. Re1 Bd7 6. c3 a6 7. Ba4 Be7 8. d4 O-O 9. Nbd2 exd4 10. cxd4 Na7
11. Bxd7 Qxd7 12. Qb3 Qb5 13. a4 Qxb3 14. Nxb3 h6 15. h3 Rfe8 16. Bf4 Nh7 17. Rac1 Rac8 18. e5 dxe5 19. dxe5 b6 20. e6 fxe6
21. Rxc7 Rxc7 22. Bxc7 b5 23. Rxe6 bxa4 24. Nbd4 Nf6 25. Rxa6 Bc5 26. Rxa4 Nd5 27. Bg3 Re7 28. Ra5 Bxd4 29. Nxd4 Nf6 30. f3 Kf7
31. Bf2 Nc8 32. Nf5 Re6 33. Ra7+ Nxa7 34. Bxa7 Nd5 35. Bc5 Re1+ 36. Kf2 Rc1 37. Bd4 Nf6 38. b4 Rc2+ 39. Kf1 h5 40. b5 g6
41. Ne3 Rc1+ 42. Kf2 Rb1 43. b6 Nd7 44. Nd5 Rb5 45. Nc7 Rb4 46. Ke3 Nxb6 47. Bc5 Rb2 48. g3 Nd7 49. Bd4 Rh2 50. h4 Rg2
51. Kf4 Nf6
0-1

[Event "DRAGON 3OOO"]
[Site "SchemingMind.com"]
[Date "2013.02.19"]
[Round "-"]
[White "Greg Magne"]
[Black "e_castle3"]
[Result "1/2-1/2"]
[WhiteCountry "CAN"]
[BlackCountry "PHI"]
[WhiteElo "1907"]
[WhiteRD "69"]
[BlackElo "1762"]
[BlackRD "68"]
[GameID "327263"]

1. e4 e5 2. Nf3 Nc6 3. d4 exd4 4. Nxd4 Be7 5. f4 Bh4+ 6. g3 Be7 7. Be3 Nf6 8. Nd2 Nxd4 9. Bxd4 d6 10. h3 Bd7
11. Bd3 c5 12. Bc3 b5 13. a3 a5 14. Nf3 c4 15. e5 Nd5 16. Be4 Nxc3 17. bxc3 Ra6 18. Kf2 O-O 19. Kg2 Qc7 20. h4 Bg4
21. Bxh7+ Kh8 22. Be4 dxe5 23. fxe5 f5 24. exf6 Raxf6 25. Rf1 Bxf3+ 26. Rxf3 Rxf3 27. Bxf3 Qe5 28. Qd4 Qf5 29. Qe4 Qf6 30. Qg4 g6
31. Rf1 Bxa3 32. h5 g5 33. Be2 Qc6+ 34. Bf3 Qf6 35. Be2 Qc6+ 36. Bf3 Qf6 37. Be2
1/2-1/2

[Event "DRAGON 3OOO"]
[Site "SchemingMind.com"]
[Date "2013.02.19"]
[Round "-"]
[White "agarr"]
[Black "e_castle3"]
[Result "1-0"]
[WhiteCountry "RUS"]
[BlackCountry "PHI"]
[WhiteElo "1755"]
[WhiteRD "69"]
[BlackElo "1734"]
[BlackRD "63"]
[GameID "327264"]

1. e4 e5 2. Nf3 Nc6 3. Bc4 d6 4. c3 Be6 5. Bxe6 fxe6 6. d4 exd4 7. cxd4 Be7 8. O-O Qd7 9. d5 exd5 10. exd5 Nd8
11. Re1 h6 12. Nh4 Kf7 13. Qh5+
1-0

[Event "DRAGON 3OOO"]
[Site "SchemingMind.com"]
[Date "2013.02.19"]
[Round "-"]
[White "David Hartley"]
[Black "e_castle3"]
[Result "1-0"]
[WhiteCountry "ENG"]
[BlackCountry "PHI"]
[WhiteElo "1754"]
[WhiteRD "68"]
[BlackElo "1706"]
[BlackRD "59"]
[GameID "327265"]

1. e4 Nc6 2. d4 d5 3. e5 Bf5 4. Nf3 e6 5. Bd3 Bg6 6. O-O a6 7. Re1 Bb4 8. c3 Ba5 9. Bxg6 hxg6 10. Bf4 Nge7
11. Nbd2 Nf5 12. Nb3 Bb6 13. Qc2 Qe7 14. Nc1 O-O-O 15. Ne2 Nh4 16. Qd3 Nxf3+ 17. Qxf3 g5 18. Bd2 Rdf8 19. Ng3 Nd8 20. Nf1 f5
21. exf6 gxf6 22. Qd3 c6 23. Re3 Bc7 24. Rae1 Qf7 25. Rh3 g4 26. Rxh8
1-0

[Event "DRAGON 3OOO"]
[Site "SchemingMind.com"]
[Date "2013.02.23"]
[Round "-"]
[White "emvarela"]
[Black "e_castle3"]
[Result "1-0"]
[WhiteCountry "ARG"]
[BlackCountry "PHI"]
[WhiteElo "1765"]
[WhiteRD "48"]
[BlackElo "1706"]
[BlackRD "59"]
[GameID "327266"]

1. e4 d6 2. d4 e6 3. Nf3 b6 4. Bd3 Bb7 5. O-O Nd7 6. Nc3 g6 7. Bg5 Be7 8. Bxe7 Qxe7 9. Nb5 Ndf6 10. Re1 a6
11. Nc3 Nd7 12. d5 e5 13. b4 Ngf6 14. Nd2 c6 15. dxc6 Bxc6 16. a4 Bb7 17. Nb3 Rc8 18. Qd2 h5 19. f3 h4 20. a5 b5
21. Nd5 Nxd5 22. exd5 h3 23. g3 Bxd5 24. Be4
1-0

[Event "DRAGON 3OOO"]
[Site "SchemingMind.com"]
[Date "2013.02.19"]
[Round "-"]
[White "Scooter"]
[Black "e_castle3"]
[Result "1-0"]
[WhiteCountry "USA"]
[BlackCountry "PHI"]
[WhiteElo "1740"]
[WhiteRD "49"]
[BlackElo "1706"]
[BlackRD "59"]
[GameID "327267"]

1. d4 d5 2. Nf3 Nf6 3. Bf4 e6 4. e3 Bd6 5. Bxd6 cxd6 6. c3 O-O 7. Be2 Nc6 8. O-O Bd7 9. Nbd2 Ne4 10. c4 Nxd2
11. Qxd2 dxc4 12. Bxc4 d5 13. Bd3 Qe7 14. a3 Rfc8 15. b4 f6 16. b5 Nd8 17. a4 e5 18. dxe5 fxe5 19. Bc2 Rc5 20. Bb3 Qd6
21. Rac1 Rac8 22. e4 Be6 23. Rxc5 Rxc5 24. exd5 Bg4 25. Qe3 Bxf3 26. Qxf3 Nf7 27. Qe3 b6 28. f4 exf4 29. Qe8+ Qf8 30. Qxf8+ Kxf8
31. Rxf4 Ke7 32. Re4+ Kd6 33. Re6+ Kd7 34. Rc6 Nd6 35. Kf1 Rxc6 36. dxc6+ Kc7 37. Ke2 a6 38. bxa6 Kxc6 39. Bc2 h6 40. Ke3 b5
41. axb5+ Nxb5 42. Bd3 Na7 43. Kf4 Kd6 44. Kf5 Ke7 45. Kg6 Kf8 46. Be4 Nb5 47. Bc6 Na7 48. Bf3 Nb5 49. h4 Na7 50. g4 Nb5
51. Kf5 Ke7 52. Ke5 Kd7 53. Be2 Na7 54. Kd5 Nc6 55. Bb5
1-0

[Event "DRAGON 3OOO"]
[Site "SchemingMind.com"]
[Date "2013.02.19"]
[Round "-"]
[White "kenneth m day"]
[Black "e_castle3"]
[Result "1-0"]
[WhiteCountry "USA"]
[BlackCountry "PHI"]
[WhiteElo "1791"]
[WhiteRD "48"]
[BlackElo "1706"]
[BlackRD "59"]
[GameID "327268"]

1. e4 d6 2. d4 a6 3. Nf3 Bg4 4. Be2 Nf6 5. Nc3 e6 6. h3 Bxf3 7. Bxf3 Be7 8. e5 dxe5 9. dxe5 Qxd1+ 10. Nxd1 Nfd7
11. Bf4 c6 12. Ne3 Nb6 13. O-O-O Nd5 14. Nxd5 cxd5 15. Rd3 Nc6 16. Rhd1 O-O 17. Rb3 b5 18. Be2 Rfc8 19. Kb1 Bc5 20. f3 Nd4
21. Rd2 Nxb3 22. axb3 Bb6 23. Rd3 h6 24. Be3 Bxe3 25. Rxe3 Rc5 26. b4 Rc7 27. b3 Rd8 28. c3 Rdd7 29. Rd3 Kf8 30. Kb2 Ke7
31. Rd2 Ra7 32. Rd4 f6 33. f4 Rdb7 34. g4 a5 35. bxa5 Rxa5 36. exf6+ Kxf6 37. Rb4
1-0

[Event "DRAGON 3OOO"]
[Site "SchemingMind.com"]
[Date "2013.02.23"]
[Round "-"]
[White "SAMAEL"]
[Black "e_castle3"]
[Result "0-1"]
[WhiteCountry "CAN"]
[BlackCountry "PHI"]
[WhiteElo "1744"]
[WhiteRD "58"]
[BlackElo "1706"]
[BlackRD "59"]
[GameID "327269"]

1. Nf3 Nc6 2. e4 d6 3. Be2 e5 4. Nc3 Be6 5. a3 h6 6. O-O Nf6 7. Re1 Be7 8. d3 O-O 9. h3 d5 10. exd5 Nxd5
11. Nxd5 Bxd5 12. b4 a6 13. Bb2 f6 14. Nh2 Bf7 15. Bf3 Qd7 16. Qe2 Rab8 17. Qf1 Nd4 18. Bxd4 Qxd4 19. c4 Bg6 20. Be2 Rfd8
21. Nf3 Qc3 22. Rec1 Qb3 23. Nd2 Qa4 24. Ne4 Rd4 25. c5 Bxe4 26. dxe4 Rxe4 27. Bc4+ Kh8 28. Rd1 Rd4 29. Rxd4 exd4 30. Qd3 Qd7
31. Rd1 Rd8 32. Bb3 Qb5 33. Qxb5 axb5 34. a4 bxa4 35. Bxa4 b6 36. cxb6 cxb6 37. Kf1 Bxb4 38. Ke2 g5 39. Kd3 Kg7 40. Rc1 Bc5
41. f3 f5 42. Re1 Kf6 43. Bb5= Ra8 44. Re2 Ra3+ 45. Kc4 Re3 46. Rd2 Ke5 47. Ba4 Rc3+ 48. Kb5 Kf4 49. Bd1 d3 50. Ba4= Ke3
51. Ra2 d2 52. Bd1 Rc1
0-1